<?xml version="1.0" encoding="UTF-8"?><?xml-stylesheet type="text/xsl" href="static/style.xsl"?><OAI-PMH xmlns="http://www.openarchives.org/OAI/2.0/" xmlns:xsi="http://www.w3.org/2001/XMLSchema-instance" xsi:schemaLocation="http://www.openarchives.org/OAI/2.0/ http://www.openarchives.org/OAI/2.0/OAI-PMH.xsd"><responseDate>2026-04-13T06:48:05Z</responseDate><request verb="GetRecord" identifier="oai:www.recercat.cat:10230/71175" metadataPrefix="marc">https://recercat.cat/oai/request</request><GetRecord><record><header><identifier>oai:recercat.cat:10230/71175</identifier><datestamp>2025-09-11T13:30:13Z</datestamp><setSpec>com_2072_6</setSpec><setSpec>col_2072_452952</setSpec></header><metadata><record xmlns="http://www.loc.gov/MARC21/slim" xmlns:dcterms="http://purl.org/dc/terms/" xmlns:xsi="http://www.w3.org/2001/XMLSchema-instance" xmlns:doc="http://www.lyncode.com/xoai" xsi:schemaLocation="http://www.loc.gov/MARC21/slim http://www.loc.gov/standards/marcxml/schema/MARC21slim.xsd">
   <leader>00925njm 22002777a 4500</leader>
   <datafield ind2=" " ind1=" " tag="042">
      <subfield code="a">dc</subfield>
   </datafield>
   <datafield ind2=" " ind1=" " tag="720">
      <subfield code="a">Vlaskamp, Martijn</subfield>
      <subfield code="e">author</subfield>
   </datafield>
   <datafield ind2=" " ind1=" " tag="260">
      <subfield code="c">2025-09-09T11:47:27Z</subfield>
   </datafield>
   <datafield ind2=" " ind1=" " tag="260">
      <subfield code="c">2025-09-09T11:47:27Z</subfield>
   </datafield>
   <datafield ind2=" " ind1=" " tag="260">
      <subfield code="c">2025</subfield>
   </datafield>
   <datafield ind2=" " ind1=" " tag="520">
      <subfield code="a">Existing research has shown a correlation between lower oil prices and political instability in oil-rich countries. This paper examines the conditions under which declining oil revenues can contribute to political instability in such countries, with a focus on the impact of the 1980s oil glut on 29 oil-rich countries. Employing Qualitative Comparative Analysis (QCA), the study identifies three distinct pathways to political instability during this period. Each instance of political instability corresponded to a distinct causal configuration bringing together low oil abundance and high oil dependence with one specific political condition: either high clientelism, relatively high public service provision, or significant political freedom. The findings illustrate the complex interplay of factors that influence the relationship between declining oil revenues and political stability. While rooted in a historical context, the results offer insights for the future, as the global transition to renewable energy may similarly affect oil revenues, posing potential risks to political stability in oil-rich countries.</subfield>
   </datafield>
   <datafield ind2=" " ind1=" " tag="520">
      <subfield code="a">This work was supported by the Spanish Ministry of Science and Innovation program “Strategic Projects on the Ecological Transition and Digital Transition” and is part of the OILDOWN research project (Grant number: TED2021-132846 A-I00).</subfield>
   </datafield>
   <datafield ind1="8" ind2=" " tag="024">
      <subfield code="a">http://hdl.handle.net/10230/71175</subfield>
   </datafield>
   <datafield tag="653" ind2=" " ind1=" ">
      <subfield code="a">Natural resources</subfield>
   </datafield>
   <datafield tag="653" ind2=" " ind1=" ">
      <subfield code="a">Oil</subfield>
   </datafield>
   <datafield tag="653" ind2=" " ind1=" ">
      <subfield code="a">Political stability</subfield>
   </datafield>
   <datafield tag="653" ind2=" " ind1=" ">
      <subfield code="a">Qualitative comparative analysis</subfield>
   </datafield>
   <datafield tag="653" ind2=" " ind1=" ">
      <subfield code="a">Renewable energy transition</subfield>
   </datafield>
   <datafield tag="653" ind2=" " ind1=" ">
      <subfield code="a">Rentier states</subfield>
   </datafield>
   <datafield ind2="0" ind1="0" tag="245">
      <subfield code="a">Pathways to instability: how decreasing oil prices impact political stability in petrostates – Lessons from the 1980s oil glut</subfield>
   </datafield>
</record></metadata></record></GetRecord></OAI-PMH>